000 00613nam a2200229Ia 4500
003 OSt
005 20220928101729.0
006 a|||||r|||| 00| 0
007 ta
008 220927b |||||||| |||| 00| 0 eng d
024 _a45257
037 _cTextual
040 _aSDCL
_cSDCL
_beng
041 _2eng
_aeng
082 _aO152,1K73:g, L3
100 _aVerma Kirshanchandra
_9394393
245 0 _aMahakavi Devta.
260 _aDelhi
_bNational Publishing House
_c1973
300 _a118p.
_ccm.
942 _hO152,1K73:g, L3
_cTEXL
_2CC
999 _c709947
_d709947